Bibó István beszélgetések, politikai-életrajzi dokumentumok
Elmentve itt :
| Szerző: | |
|---|---|
| További közreműködők: | |
| Adatforrás: | Philobibl |
| Dokumentumtípus: | Könyv |
| Nyelv: | magyar |
| Kulcsszavak: | politikai gondolkodás politikai filozófia Bibó István |
| Megjelent: |
[Budapest]
Kolonel
1989
|
| Sorozat: | Magyar krónika
|
| LEADER | 00602cam a2200193 cr4500 | ||
|---|---|---|---|
| 001 | bibPHI0040591 | ||
| 005 | 20200924124348.1 | ||
| 008 | 940509t19891989hu 000 0 hun d | ||
| 100 | 1 | |a Bibó István | |
| 245 | 1 | 0 | |a Bibó István |b beszélgetések, politikai-életrajzi dokumentumok |c [sajtó alá rend.] Huszár Tibor ; [mtárs. Hanák Gábor] |
| 260 | |a [Budapest] |b Kolonel |c 1989 | ||
| 300 | |a 369 p. | ||
| 490 | 1 | |a Magyar krónika | |
| 695 | |a politikai gondolkodás | ||
| 695 | |a politikai filozófia | ||
| 695 | |a Bibó István | ||
| 700 | 1 | |a Huszár Tibor | |
| 700 | 1 | |a Hanák Gábor | |
| 830 | 0 | |a Magyar krónika | |